Sgt. Pepper's Lonely Hearts Club Band Lyrics - The Beatles - Statistics

General Stats
  • This quiz has been taken 41 times
  • The average score is 125 of 167
Answer Stats
Answer % Correct
a
100%
band
100%
Band
100%
Band,
100%
Pepper
100%
Sgt.
100%
the
97%
The
97%
Club
90%
he
90%
Hearts
90%
I
90%
to
90%
Lonely
87%
Lonely,
87%
play
87%
you
87%
go
84%
It
84%
Pepper's
84%
was
84%
We
84%
ago
81%
and
81%
And
81%
in
81%
So
81%
today
81%
twenty
81%
years
81%
enjoy
77%
hope
74%
show
74%
introduce
71%
let
71%
of
71%
style
71%
will
71%
all
68%
one
68%
out
68%
We're
68%
with
68%
be
65%
going
65%
love
65%
only
65%
me
61%
smile
61%
take
61%
taught
61%
That
61%
us
61%
want
61%
Billy
58%
But
58%
home
58%
It's
58%
know
58%
may
58%
these
58%
We'd
58%
evening
55%
for
55%
like
55%
really
55%
Shears
55%
they're
55%
guaranteed
52%
lovely
52%
raise
52%
you've
52%
along
48%
audience
48%
back
48%
been
48%
don't
48%
here
48%
sing
48%
They've
48%
You're
48%
might
45%
Sit
45%
such
45%
thrill
45%
wants
45%
known
42%
song
42%
stop
42%
wonderful
42%
yeah
42%
act
39%
certainly
39%
thought
39%
singer's
35%
No matching quizzes found
Score Distribution
Percent of People with Each Score
Percentile by Number Answered
Your Score History
You have not taken this quiz